[Event "IECG CC.2007.0.00145 email"]
[Site "IECG email"]
[Date "2007.01.18"]
[Round "?"]
[White "Lehnen, Patric"]
[Black "Lukov, Andrey"]
[Result "1/2-1/2"]
[WhiteElo "1706"]
[BlackElo "1631"]
[PlyCount "132"]
[EventDate "2007.01.18"]
[EventType "tourn (corr)"]
[EventRounds "6"]
[SourceTitle "Corr 2011"]
[Source "ChessBase"]
[SourceDate "2010.08.31"]
[SourceVersion "1"]
[SourceVersionDate "2010.08.31"]
[SourceQuality "1"]

1. c4 c5 2. Nc3 Nc6 3. Nf3 Nf6 4. d4 cxd4 5. Nxd4 e6 6. Ndb5 Bb4 7. Bf4 0-0 8. Bc7 Qe7 9. Bd6 Bxd6 10. Qxd6 Qd8 11. e3 Qa5 12. Bd3 a6 13. Nd4 Qb4 14. Qxb4 Nxb4 15. Rd1 Nxd3+ 16. Rxd3 b6 17. f3 Bb7 18. e4 Rfd8 19. Kf2 Rac8 20. e5 Ne8 21. b3 d6 22. exd6 Rxd6 23. Rhd1 Nf6 24. h3 Kf8 25. a4 Rc5 26. Na2 Ke7 27. g4 Rd7 28. h4 h6 29. Nb4 g6 30. Re1 a5 31. Nbc2 Rc8 32. Kg3 Rcd8 33. Re5 Rd6 34. c5 Rd5 35. Rxd5 Nxd5 36. cxb6 Rc8 37. Ne3 Nxb6 38. Rd2 Rc3 39. Rc2 Rxc2 40. Ndxc2 Kd6 41. Nf1 Kc5 42. Nd2 f6 43. Kf4 Nd5+ 44. Kg3 Nb4 45. Ne3 Bd5 46. h5 gxh5 47. gxh5 f5 48. Ndc4 Bxc4 49. Nxc4 Nc6 50. Kf4 Kb4 51. Nd2 Nd4 52. Nc4 Nxb3 53. Nd6 Kxa4 54. Nf7 Nc5 55. Nxh6 Nd7 56. Nf7 Kb3 57. h6 a4 58. Kg5 Nf8 59. Kf6 a3 60. Kg7 Nd7 61. h7 a2 62. h8Q a1Q+ 63. Kg6 Qxh8 64. Nxh8 Kc4 65. Nf7 Kd5 66. f4 Nc5 1/2-1/2

[Event "IECC CL5-2006.24 email"]
[Site "IECC email"]
[Date "2007.01.09"]
[Round "?"]
[White "Kinna, Michael"]
[Black "Lukov, Andrey"]
[Result "0-1"]
[WhiteElo "1434"]
[BlackElo "1604"]
[PlyCount "44"]
[EventDate "2006.??.??"]
[EventType "tourn (corr)"]
[EventRounds "4"]
[SourceTitle "Corr 2008"]
[Source "ChessBase"]
[SourceDate "2008.06.24"]
[SourceVersion "1"]
[SourceVersionDate "2008.06.24"]
[SourceQuality "1"]
[WhiteTeam "Australia"]
[BlackTeam "Russia"]
[WhiteTeamCountry "AUS"]
[BlackTeamCountry "RUS"]

1. e4 c5 2. Nf3 Nc6 3. d4 cxd4 4. Nxd4 Nf6 5. Nc3 d6 6. Bg5 e6 7. Qd2 a6 8. 0-0-0 h6 9. Be3 Be7 10. f4 Bd7 11. Kb1 b5 12. Bd3 0-0 13. h3 Nxd4 14. Bxd4 Bc6 15. e5 dxe5 16. Bxe5 Qb6 17. Rhe1 Rfd8 18. Qe2 Nd7 19. Bxg7 Kxg7 20. Qg4+ Kf8 21. Qh5 Bf6 22. Qxh6+ Bg7 0-1

[Event "IECC CL5-2006.24 email"]
[Site "IECC email"]
[Date "2007.01.09"]
[Round "?"]
[White "Lukov, Andrey"]
[Black "Geib, Steven"]
[Result "1-0"]
[WhiteElo "1636"]
[BlackElo "1423"]
[PlyCount "41"]
[EventDate "2006.??.??"]
[EventType "tourn (corr)"]
[EventRounds "4"]
[SourceTitle "Corr 2011"]
[Source "ChessBase"]
[SourceDate "2010.08.31"]
[SourceVersion "1"]
[SourceVersionDate "2010.08.31"]
[SourceQuality "1"]
[WhiteTeam "Italy"]
[BlackTeam "Chile"]
[WhiteTeamCountry "ITA"]
[BlackTeamCountry "CHI"]

1. d4 d5 2. c4 e6 3. Nf3 dxc4 4. e3 b5 5. a4 c6 6. axb5 cxb5 7. b3 a5 8. bxc4 b4 9. Ne5 Nf6 10. c5 Bd7 11. Qf3 Ra7 12. c6 Bc8 13. Bb5 Qc7 14. Nd2 Ba6 15. Ba4 Bd6 16. Nec4 Bxc4 17. Nxc4 0-0 18. Bb2 Ra6 19. Nxd6 Qxd6 20. Rc1 Rc8 21. e4 1-0

[Event "IECC CL5-2006.18 email"]
[Site "IECC email"]
[Date "2006.10.22"]
[Round "?"]
[White "Lukov, Andrey"]
[Black "Mariani, Danilo"]
[Result "1-0"]
[WhiteElo "1536"]
[BlackElo "1454"]
[PlyCount "53"]
[EventDate "2006.??.??"]
[EventType "tourn (corr)"]
[EventRounds "4"]
[SourceTitle "Corr 2015"]
[Source "ChessBase"]
[SourceDate "2015.07.17"]
[SourceVersion "1"]
[SourceVersionDate "2015.07.17"]
[SourceQuality "1"]
[WhiteTeam "Russia"]
[BlackTeam "Italy"]
[WhiteTeamCountry "RUS"]
[BlackTeamCountry "ITA"]

1. d4 Nf6 2. Nf3 d5 3. c4 c6 4. Nc3 e6 5. Bg5 h6 6. Bxf6 Qxf6 7. e3 Bb4 8. Rc1 0-0 9. Bd3 dxc4 10. Bxc4 Rd8 11. 0-0 Bxc3 12. bxc3 c5 13. Ne5 b6 14. f4 Bb7 15. f5 Qg5 16. Qe2 Nd7 17. Nxd7 Rxd7 18. fxe6 Re7 19. Rxf7 Rxf7 20. exf7+ Kf8 21. Rf1 Be4 22. Rf4 Qg6 23. h4 h5 24. dxc5 bxc5 25. Qd2 Rc8 26. Bd5 Bf5 27. Bb7 1-0

[Event "IECC CL5-2006.18 email"]
[Site "IECC email"]
[Date "2006.10.22"]
[Round "?"]
[White "Lukov, Andrey"]
[Black "Von Rosenberg, Clemens"]
[Result "1-0"]
[WhiteElo "1578"]
[BlackElo "1525"]
[PlyCount "71"]
[EventDate "2006.??.??"]
[EventType "tourn (corr)"]
[EventRounds "4"]
[SourceTitle "Corr 2008"]
[Source "ChessBase"]
[SourceDate "2008.06.24"]
[SourceVersion "1"]
[SourceVersionDate "2008.06.24"]
[SourceQuality "1"]

1. d4 Nf6 2. Nf3 c6 3. c4 d5 4. Nc3 dxc4 5. a4 Bf5 6. e3 e6 7. Bxc4 Bb4 8. 0-0 Nbd7 9. Qe2 Bg6 10. e4 Bxc3 11. bxc3 Nxe4 12. Ba3 Qc7 13. Rfc1 0-0-0 14. a5 Rhe8 15. Nh4 Nd6 16. Nxg6 hxg6 17. Bb3 Nf6 18. a6 b6 19. Re1 Nde4 20. Bb2 Rh8 21. h3 c5 22. Rad1 Rh5 23. Bc2 Rh4 24. f3 Ng3 25. Qf2 Rd5 26. c4 Rg5 27. Qd2 Rgh5 28. d5 Nxd5 29. cxd5 Rxd5 30. Qf2 Rdh5 31. Bxg7 Rb4 32. Rd3 Nf5 33. Be5 Qe7 34. g4 Rxh3 35. Kg2 Rh7 36. gxf5 1-0

[Event "IECG CC.2006.0.00141 email"]
[Site "IECG email"]
[Date "2006.10.15"]
[Round "2"]
[White "Lukov, Andrey"]
[Black "McAndrew, Harry"]
[Result "1/2-1/2"]
[WhiteElo "1631"]
[BlackElo "1641"]
[PlyCount "78"]
[EventDate "2006.10.15"]
[EventType "tourn (corr)"]
[EventRounds "6"]
[SourceTitle "Corr 2011"]
[Source "ChessBase"]
[SourceDate "2010.08.31"]
[SourceVersion "1"]
[SourceVersionDate "2010.08.31"]
[SourceQuality "1"]

1. d4 Nf6 2. c4 e6 3. Nf3 b6 4. a3 Bb7 5. Nc3 d5 6. cxd5 Nxd5 7. Qc2 c5 8. e4 Nxc3 9. bxc3 Nd7 10. Bf4 Be7 11. Bd3 cxd4 12. cxd4 Rc8 13. Qe2 0-0 14. 0-0 Nf6 15. Bd2 h6 16. a4 Nh7 17. a5 Ng5 18. Nxg5 Bxg5 19. Bxg5 hxg5 20. axb6 axb6 21. Qb2 Qd6 22. Rfd1 Rfd8 23. e5 Qf8 24. Qxb6 Bd5 25. f3 Rd7 26. Rac1 g6 27. Rxc8 Qxc8 28. Qa5 Rc7 29. Qd2 Qd8 30. Rb1 Kg7 31. h3 Rc8 32. Kh2 Ra8 33. Rb2 Ra4 34. Bc2 Ra7 35. Qe3 Rd7 36. Rb4 Kh7 37. Be4 Kg7 38. Bxd5 Rxd5 39. Ra4 Rd7 1/2-1/2

[Event "IECG WC.2005.P.00009 email"]
[Site "IECG email"]
[Date "2002.01.29"]
[Round "?"]
[White "Lukov, Andrey"]
[Black "Van der Ploeg, Geert Roelof"]
[Result "0-1"]
[WhiteElo "1621"]
[BlackElo "2211"]
[PlyCount "24"]
[EventDate "2002.01.29"]
[EventType "tourn (corr)"]
[EventRounds "12"]
[SourceTitle "Corr 2008"]
[Source "ChessBase"]
[SourceDate "2008.06.24"]
[SourceVersion "1"]
[SourceVersionDate "2008.06.24"]
[SourceQuality "1"]

1. d4 Nf6 2. c4 c5 3. d5 b5 4. cxb5 a6 5. bxa6 g6 6. Nc3 Bxa6 7. e4 Bxf1 8. Kxf1 d6 9. g3 Bg7 10. Kg2 0-0 11. Nf3 Nbd7 12. h3 Ra6 0-1

[Event "IECG C3.2000.0.00158"]
[Site "IECG email"]
[Date "2000.10.02"]
[Round "?"]
[White "Lukov, Andrey"]
[Black "Dion, Michel"]
[Result "1-0"]
[WhiteElo "1200"]
[BlackElo "1062"]
[PlyCount "63"]
[EventDate "2000.10.02"]
[EventType "tourn (corr)"]
[EventRounds "6"]
[SourceTitle "Corr 2008"]
[Source "ChessBase"]
[SourceDate "2008.06.24"]
[SourceVersion "1"]
[SourceVersionDate "2008.06.24"]
[SourceQuality "1"]

1. d4 Nf6 2. c4 g6 3. Nc3 d5 4. cxd5 Nxd5 5. e4 Nxc3 6. bxc3 Bg7 7. Nf3 c5 8. Be3 0-0 9. Be2 Qa5 10. 0-0 Nc6 11. Qb3 cxd4 12. cxd4 Rd8 13. Rfd1 Bg4 14. Qxb7 Bxf3 15. Bxf3 Qb6 16. Qxb6 axb6 17. e5 Rac8 18. Rab1 e6 19. Rxb6 Ne7 20. Bg5 Rd7 21. Rb7 Rxb7 22. Bxb7 Rc7 23. Be4 Ra7 24. Rd2 Nc8 25. Rb2 h6 26. Be3 Rc7 27. a4 Kh7 28. a5 Ra7 29. Rb5 Bf8 30. Rb8 Rc7 31. a6 Be7 32. Rb7 1-0

[Event "IECG CP.2000.P.00010"]
[Site "IECG email"]
[Date "2000.10.01"]
[Round "?"]
[White "Lukov, Andrey"]
[Black "Newton, Hobart E"]
[Result "1-0"]
[WhiteElo "1331"]
[BlackElo "1953"]
[PlyCount "82"]
[EventDate "2000.10.01"]
[EventType "tourn (corr)"]
[EventRounds "6"]
[EventCountry "RUS"]
[SourceTitle "Corr 2008"]
[Source "ChessBase"]
[SourceDate "2008.06.24"]
[SourceVersion "1"]
[SourceVersionDate "2008.06.24"]
[SourceQuality "1"]

1. d4 Nf6 2. c4 g6 3. Nc3 d5 4. cxd5 Nxd5 5. e4 Nxc3 6. bxc3 Bg7 7. Nf3 c5 8. Be3 Nc6 9. Rc1 Qa5 10. Qd2 cxd4 11. cxd4 Qxd2+ 12. Kxd2 f5 13. d5 fxe4 14. Ng5 Nb4 15. Bc4 Bf5 16. Ke2 Rd8 17. d6 exd6 18. Nf7 Nd3 19. Rc2 Rf8 20. Nxd8 Kxd8 21. h3 Bd7 22. Rb1 b6 23. Bd5 Rxf2+ 24. Bxf2 Nf4+ 25. Kf1 Nxd5 26. Rd2 Bc6 27. Rb3 Kd7 28. Bd4 e3 29. Rdd3 Bh6 30. g3 Ke6 31. Ke1 a6 32. Bxb6 Ba4 33. Bd4 Bxb3 34. Rxb3 Kf5 35. Ke2 Ke4 36. Ba7 Bg7 37. Bxe3 Nc3+ 38. Kd2 Nxa2 39. Bf4 d5 40. Re3+ Kd4 41. Re7 Bf6 1-0

[Event "IECG C3.2000.0.00145"]
[Site "IECG email"]
[Date "2000.07.02"]
[Round "?"]
[White "Lukov, Andrey"]
[Black "Hall, Roland"]
[Result "1-0"]
[WhiteElo "1200"]
[BlackElo "1258"]
[PlyCount "65"]
[EventDate "2000.07.02"]
[EventType "tourn (corr)"]
[EventRounds "6"]
[SourceTitle "Corr 2008"]
[Source "ChessBase"]
[SourceDate "2008.06.24"]
[SourceVersion "1"]
[SourceVersionDate "2008.06.24"]
[SourceQuality "1"]

1. d4 Nf6 2. c4 e6 3. g3 d5 4. Bg2 dxc4 5. Nf3 Be7 6. 0-0 0-0 7. Qc2 a6 8. a4 Bd7 9. Qxc4 Bc6 10. Bg5 Nbd7 11. Nc3 Rc8 12. Qd3 Bb4 13. Rfe1 h6 14. Bd2 Qe7 15. e4 Rfd8 16. Qc2 Nb6 17. b3 Be8 18. a5 Nbd7 19. e5 Nd5 20. Nxd5 exd5 21. Nh4 Bxd2 22. Qxd2 Nf8 23. Nf5 Qe6 24. Qc2 Ng6 25. Bh3 Qc6 26. Qxc6 Bxc6 27. e6 Re8 28. e7 h5 29. Rac1 f6 30. Nxg7 Kxg7 31. Bxc8 Rxe7 32. Rxe7+ Nxe7 33. Bxb7 1-0

[Event "IECG C3.2000.0.00136"]
[Site "IECG email"]
[Date "2000.04.17"]
[Round "?"]
[White "Holmberg, Per Arne"]
[Black "Lukov, Andrey"]
[Result "1/2-1/2"]
[WhiteElo "1100"]
[BlackElo "1200"]
[PlyCount "83"]
[EventDate "2000.04.17"]
[EventType "tourn (corr)"]
[EventRounds "6"]
[SourceTitle "Corr 2008"]
[Source "ChessBase"]
[SourceDate "2008.06.24"]
[SourceVersion "1"]
[SourceVersionDate "2008.06.24"]
[SourceQuality "1"]

1. e4 c5 2. Nc3 Nc6 3. g3 g6 4. Bg2 Bg7 5. d3 d6 6. Be3 Rb8 7. Nge2 b5 8. Qd2 Nd4 9. 0-0 b4 10. Nd1 e6 11. a3 a5 12. axb4 axb4 13. Bxd4 cxd4 14. Ra4 Ne7 15. Rxb4 Qa5 16. c3 Rxb4 17. cxb4 Qa4 18. f4 0-0 19. Nf2 Ba6 20. Rc1 Rb8 21. Rc7 Kf8 22. Nc1 Qb5 23. Na2 Qb6 24. Rc2 Nc6 25. f5 e5 26. g4 Bb5 27. b3 Qa6 28. g5 Kg8 29. Ng4 Kh8 30. f6 Bf8 31. Bf3 Qa3 32. Bd1 Ra8 33. Nf2 Kg8 34. h4 Rb8 35. h5 Nd8 36. Ng4 Ne6 37. Nc1 Qa6 38. hxg6 fxg6 39. Nf2 Qb7 40. Bg4 Nd8 41. Bh3 Be8 42. Ng4 1/2-1/2